[Event "120th YMCA Spring D"]
[Site "Warszawa"]
[Date "2013.06.04"]
[Round "9"]
[White "Gajewski, Wojciech"]
[Black "Budrewicz, Henryk"]
[Result "0-1"]
[WhiteElo "1500"]
[BlackElo "1573"]
[PlyCount "86"]
[EventDate "2013.04.09"]
[EventType "tourn"]
[EventRounds "1"]
[EventCountry "POL"]
[SourceDate "2013.04.10"]

1. Nf3 c5 2. g3 Nf6 3. d3 d5 4. Nbd2 Nc6 5. e4 e5 6. Bg2 d4 7. O-O Bd6 8. Nc4
Bc7 9. a4 h6 10. a5 O-O 11. Bd2 Be6 12. Qe1 Qd7 13. Nh4 g5 14. Nf3 Kh7 15. Qe2
Rg8 16. c3 Bg4 17. b4 dxc3 18. Bxc3 Nd4 19. Bxd4 cxd4 20. Rfe1 Qe6 21. Qd2 Rac8
22. b5 Nd7 23. Reb1 Nc5 24. b6 axb6 25. Nxb6 Bxb6 26. Rxb6 Rc6 27. Rab1 Rgc8
28. h3 Bxf3 29. Bxf3 R8c7 30. Bg4 Qd6 31. Bd1 Qd7 32. Kg2 f5 33. f3 f4 34. g4
Qc8 35. Rxc6 Rxc6 36. Rb5 Nd7 37. Bb3 Rc3 38. Bc4 Nc5 39. Qb2 Na4 40. Rxb7+ Kg6
41. Qb5 Rc2+ 42. Kf1 Rc1+ 43. Ke2 Nc3+ 0-1

[Event "120th YMCA Spring D"]
[Site "Warszawa"]
[Date "2013.04.19"]
[Round "10"]
[White "Rozycki, Dariusz"]
[Black "Gajewski, Wojciech"]
[Result "1-0"]
[WhiteElo "1465"]
[BlackElo "1500"]
[PlyCount "83"]
[EventDate "2013.04.09"]
[EventType "tourn"]
[EventRounds "1"]
[EventCountry "POL"]
[SourceDate "2013.04.10"]

1. e4 d6 2. d4 Nf6 3. Nf3 e6 4. Nc3 Be7 5. Bc4 b6 6. Qe2 a6 7. O-O O-O 8. e5
Nfd7 9. Bd3 Bb7 10. Ne4 Re8 11. Nfg5 g6 12. h4 dxe5 13. h5 Nf8 14. dxe5 Nbd7
15. Bf4 Qb8 16. Qf3 f5 17. exf6 Nxf6 18. Nxf6+ Bxf6 19. Qg3 Re7 20. c3 Rg7 21.
Qh3 Bc8 22. Qf3 Bb7 23. Bxc7 Bxf3 24. Bxb8 Rxb8 25. Nxf3 a5 26. Rfe1 Re7 27.
Ne5 Bxe5 28. Rxe5 Kg7 29. hxg6 hxg6 30. Rae1 Rd8 31. R1e3 Kf6 32. Bb5 Rd6 33.
a4 Nd7 34. R5e4 e5 35. b4 axb4 36. cxb4 Rd4 37. Rxd4 exd4 38. Rxe7 Kxe7 39.
Bxd7 Kxd7 40. Kf1 Kd6 41. Ke2 Kd5 42. Kd3 1-0

[Event "120th YMCA Spring D"]
[Site "Warszawa"]
[Date "2013.06.11"]
[Round "10"]
[White "Malicka, Maria"]
[Black "Golecki, Jan"]
[Result "0-1"]
[WhiteElo "1297"]
[BlackElo "1505"]
[PlyCount "43"]
[EventDate "2013.04.09"]
[EventType "tourn"]
[EventRounds "1"]
[EventCountry "POL"]
[SourceDate "2013.04.10"]

1. e4 c5 2. Nf3 e6 3. d4 cxd4 4. Nxd4 Nf6 5. Nc3 Nc6 6. Be3 Bb4 7. Bd3 d5 8.
Nxc6 bxc6 9. exd5 exd5 10. Bd2 O-O 11. O-O Qc7 12. h3 Bd7 13. Re1 Rfe8 14. a3
Rxe1+ 15. Qxe1 Bd6 16. Bg5 Re8 17. Qd2 Ne4 18. Bxe4 dxe4 19. Rd1 Bh2+ 20. Kh1
Bc8 21. Nxe4 h6 22. Qd8 0-1

[Event "120th YMCA Spring D"]
[Site "Warszawa"]
[Date "2013.06.14"]
[Round "10"]
[White "Duda, Ryszard"]
[Black "Kokoszczynski, Jan"]
[Result "1/2-1/2"]
[WhiteElo "1631"]
[BlackElo "1623"]
[Annotator "Admin"]
[PlyCount "104"]
[EventDate "2013.04.09"]
[EventType "tourn"]
[EventRounds "1"]
[EventCountry "POL"]
[SourceDate "2013.04.10"]

1. c4 Nf6 2. d4 c5 3. e3 e6 4. Nc3 cxd4 5. exd4 Bb4 6. Bd2 O-O 7. a3 Be7 8. Nf3
d5 9. cxd5 Nxd5 10. Bc4 Nc6 11. Nxd5 exd5 12. Be2 Bf6 13. Bc3 Bg4 14. O-O Qb6
15. h3 Bxf3 16. Bxf3 Rfd8 17. Qd3 Bxd4 18. Rad1 Bxc3 19. bxc3 Ne5 20. Qf5 Nxf3+
21. Qxf3 Qc5 22. Rd3 $11 Rd7 23. Rfd1 Rad8 24. a4 h6 25. Rd4 b6 26. c4 a6 27.
cxd5 b5 28. axb5 axb5 29. Qb3 $11 Rd6 30. R4d2 Qc4 31. Qxc4 bxc4 32. Rc2 Rc8
33. Rd4 c3 34. Rd3 Rc5 35. Rcxc3 Rdxd5 36. Rxd5 Rxc3 37. g3 f6 38. Rd7 Kh7 39.
Kg2 Kg6 40. Rb7 h5 41. h4 Ra3 42. Rc7 Ra4 43. Rb7 Rg4 44. Rb5 Ra4 45. Rc5 Ra6
46. Rc2 Ra5 47. Rb2 Kf5 48. Rb4 Rc5 49. Rf4+ Ke6 50. Re4+ Kf5 51. Rf4+ Ke5 52.
Rb4 Kf5 $11 1/2-1/2

[Event "120th YMCA Spring D"]
[Site "Warszawa"]
[Date "2013.06.11"]
[Round "10"]
[White "Kwiek, Janusz"]
[Black "Markiewicz, Janusz"]
[Result "1-0"]
[WhiteElo "1642"]
[BlackElo "1406"]
[PlyCount "113"]
[EventDate "2013.04.09"]
[EventType "tourn"]
[EventRounds "1"]
[EventCountry "POL"]
[SourceDate "2013.04.10"]

1. Nf3 Nc6 2. d4 e5 3. dxe5 Qe7 4. Nc3 Nxe5 5. Nxe5 Qxe5 6. Qd5 Bd6 7. g3 c6 8.
Qxe5+ Bxe5 9. Bd2 d5 10. Bg2 Nf6 11. f4 Bd4 12. e3 Bb6 13. Na4 Ne4 14. Nxb6
axb6 15. Bxe4 dxe4 16. Bc3 O-O 17. h3 Be6 18. a3 c5 19. g4 b5 20. Rd1 Rad8 21.
Ke2 Bc4+ 22. Kf2 f6 23. Ba5 Rxd1 24. Rxd1 Rb8 25. Bb6 Rc8 26. f5 b4 27. Rd7
bxa3 28. bxa3 Ba6 29. Kg3 Rc6 30. Ba5 Kf8 31. Bc3 b5 32. Kf4 b4 33. axb4 cxb4
34. Bxb4+ Ke8 35. Re7+ Kd8 36. Rxg7 Rxc2 37. Ba5+ Ke8 38. Kxe4 Rc4+ 39. Kd5 Ra4
40. Bc3 Bc4+ 41. Kc5 Bf1 42. Bxf6 Bxh3 43. Bd4 Kf8 44. Rg5 h5 45. gxh5 Ra5+ 46.
Kd6 Bxf5 47. Bb6 Rb5 48. Bc5 Bd3 49. Ke6+ Rxc5 50. Rxc5 Kg7 51. Ke5 Be2 52. Kf4
Kh6 53. e4 Bxh5 54. Rxh5+ Kxh5 55. Kf5 Kh6 56. Kf6 Kh7 57. Kf7 1-0

[Event "120th YMCA Spring D"]
[Site "Warszawa"]
[Date "2013.06.11"]
[Round "10"]
[White "Bartczak, Hanna"]
[Black "Baum, Jonasz"]
[Result "1-0"]
[WhiteElo "1562"]
[BlackElo "1516"]
[PlyCount "137"]
[EventDate "2013.04.09"]
[EventType "tourn"]
[EventRounds "1"]
[EventCountry "POL"]
[SourceDate "2013.04.10"]

1. Nf3 Nf6 2. g3 d5 3. Bg2 Bf5 4. d3 Nc6 5. O-O e5 6. c4 Bc5 7. cxd5 Nxd5 8. e4
Nde7 9. exf5 Nxf5 10. Nc3 O-O 11. Ng5 Qd7 12. Be4 g6 13. Nd5 f6 14. Qb3 Kh8 15.
Nf3 Nd6 16. Nd2 Nd4 17. Qd1 Nxe4 18. dxe4 f5 19. Nc3 f4 20. Nf3 fxg3 21. Nxe5
gxf2+ 22. Kh1 Qd6 23. Ng4 h5 24. Nxf2 Nf3 25. Qxd6 cxd6 26. Nd3 Ne5 27. Rxf8+
Rxf8 28. Nxc5 dxc5 29. Be3 b6 30. Kg2 Nc4 31. Bh6 Rg8 32. b3 Ne5 33. Bg5 Nf7
34. Bf6+ Kh7 35. Rd1 g5 36. Rd7 Kg6 37. e5 Re8 38. Rxa7 Nxe5 39. Bxe5 Rxe5 40.
Rb7 Re3 41. Rxb6+ Kg7 42. Nd5 Re2+ 43. Kh3 Rxa2 44. Ne3 Rf2 45. Kg3 Rf4 46. h3
Rf7 47. Rb5 Rc7 48. Nf5+ Kf6 49. Nd6 Kg6 50. Rb6 Kh7 51. Rb7 Rxb7 52. Nxb7 Kg6
53. Nxc5 Kf5 54. b4 h4+ 55. Kf3 Ke5 56. Kg4 Kd5 57. Kxg5 Kc4 58. Ne6 Kxb4 59.
Kxh4 Kc4 60. Kg5 Kd5 61. Nf4+ Kd6 62. h4 Ke7 63. Kg6 Kf8 64. Kh7 Kf7 65. h5 Kf6
66. h6 Kf7 67. Ng6 Kf6 68. Kg8 Kxg6 69. h7 1-0

[Event "120th YMCA Spring D"]
[Site "Warszawa"]
[Date "2013.06.18"]
[Round "11"]
[White "Markiewicz, Janusz"]
[Black "Bartczak, Hanna"]
[Result "0-1"]
[WhiteElo "1406"]
[BlackElo "1562"]
[PlyCount "168"]
[EventDate "2013.04.09"]
[EventType "tourn"]
[EventRounds "1"]
[EventCountry "POL"]
[SourceDate "2013.04.10"]

1. e4 d6 2. d4 Nf6 3. Bd3 e5 4. Nf3 Bg4 5. dxe5 dxe5 6. h3 Bxf3 7. Qxf3 c6 8.
O-O Nbd7 9. Be3 Be7 10. Nc3 O-O 11. Rad1 Qa5 12. a3 Qc7 13. Qg3 Nh5 14. Qf3
Nhf6 15. Be2 Nc5 16. b4 Ne6 17. Qg3 b6 18. h4 Nf4 19. Bf3 Kh8 20. Qh2 Rfd8 21.
Rxd8+ Rxd8 22. g3 Ne6 23. Be2 Nd4 24. Bd1 Qc8 25. f3 c5 26. b5 a6 27. g4 Nd7
28. Nd5 Bf8 29. bxa6 Qxa6 30. c3 Ne6 31. a4 c4 32. Kh1 Nec5 33. Qa2 Nd3 34. Nc7
Qb7 35. Nd5 Qc6 36. Bc2 Ra8 37. Rb1 Rb8 38. a5 bxa5 39. Rxb8 Nxb8 40. Qxa5 Nd7
41. Ba4 Qb7 42. Bb5 N3c5 43. Bxc4 Qb1+ 44. Kg2 Nxe4 45. fxe4 Qxe4+ 46. Kg3 Qxc4
47. Qa8 h6 48. Nb6 Qxc3 49. Nxd7 Qxe3+ 50. Kg2 Qd2+ 51. Kh3 Qxd7 52. Qxf8+ Kh7
53. Qc5 Qd3+ 54. Kg2 Qd2+ 55. Kh3 Qd3+ 56. Kg2 Qe2+ 57. Kh3 Qf3+ 58. Kh2 e4 59.
Qf5+ Qxf5 60. gxf5 g6 61. f6 Kg8 62. Kg3 Kf8 63. Kf4 e3 64. Kxe3 Ke8 65. Ke4
Kd7 66. Kd5 h5 67. Ke5 Kc6 68. Ke4 Kd6 69. Kf4 Ke6 70. Ke4 Kxf6 71. Kf4 Kg7 72.
Kg5 f6+ 73. Kf4 Kf7 74. Ke4 Ke6 75. Kf4 Kd5 76. Kf3 Ke5 77. Ke3 Kf5 78. Kf3 g5
79. hxg5 fxg5 80. Kg3 Ke4 81. Kh3 Kf3 82. Kh2 g4 83. Kg1 Kg3 84. Kh1 Kf2 0-1

[Event "120th YMCA Spring D"]
[Site "Warszawa"]
[Date "2013.06.18"]
[Round "11"]
[White "Kokoszczynski, Jan"]
[Black "Kwiek, Janusz"]
[Result "1-0"]
[WhiteElo "1623"]
[BlackElo "1642"]
[PlyCount "63"]
[EventDate "2013.04.09"]
[EventType "tourn"]
[EventRounds "1"]
[EventCountry "POL"]
[SourceDate "2013.04.10"]

1. d4 e6 2. c4 Nf6 3. Nc3 Bb4 4. f3 O-O 5. a3 Bxc3+ 6. bxc3 d5 7. Bg5 h6 8. Bh4
Nbd7 9. Qc2 g5 10. Bf2 Qe7 11. e4 dxe4 12. fxe4 Ng4 13. Bd3 Nxf2 14. Qxf2 f5
15. e5 c5 16. h4 g4 17. Ne2 b6 18. Nf4 Kg7 19. h5 Qf7 20. O-O Bb7 21. d5 Nxe5
22. Nxe6+ Kg8 23. Nxf8 Nxd3 24. Qe3 Qxh5 25. Qe6+ Qf7 26. Qxf7+ Kxf7 27. Rxf5+
Kg7 28. Raf1 Ba6 29. Rf7+ Kg8 30. Ne6 Bxc4 31. Rg7+ Kh8 32. Rf6 1-0

[Event "120th YMCA Spring D"]
[Site "Warszawa"]
[Date "2013.06.18"]
[Round "11"]
[White "Golecki, Jan"]
[Black "Duda, Ryszard"]
[Result "1/2-1/2"]
[WhiteElo "1505"]
[BlackElo "1631"]
[PlyCount "68"]
[EventDate "2013.04.09"]
[EventType "tourn"]
[EventRounds "1"]
[EventCountry "POL"]
[SourceDate "2013.04.10"]

1. e4 c5 2. Nf3 d6 3. d4 cxd4 4. Nxd4 Nf6 5. Nc3 a6 6. Bg5 e6 7. f4 Be7 8. Qf3
Nbd7 9. O-O-O Qc7 10. g4 b5 11. Bxf6 Nxf6 12. g5 Nd7 13. f5 Bxg5+ 14. Kb1 Nc5
15. fxe6 O-O 16. Nd5 Qb7 17. exf7+ Rxf7 18. Qg2 Bf6 19. Be2 Bxd4 20. Rxd4 Ne6
21. Rdd1 Nf8 22. Bh5 g6 23. Bg4 Bxg4 24. Qxg4 Re8 25. Rhf1 Kg7 26. Qg2 Re5 27.
Rxf7+ Qxf7 28. Rf1 Qe6 29. Qf2 Nd7 30. Nb6 Nf6 31. Nd5 Nd7 32. Nb6 Nf6 33. Nd5
Nd7 34. Nb6 Nf6 1/2-1/2

[Event "120th YMCA Spring D"]
[Site "Warszawa"]
[Date "2013.06.13"]
[Round "11"]
[White "Gajewski, Wojciech"]
[Black "Malicka, Maria"]
[Result "0-1"]
[WhiteElo "1500"]
[BlackElo "1297"]
[PlyCount "140"]
[EventDate "2013.04.09"]
[EventType "tourn"]
[EventRounds "1"]
[EventCountry "POL"]
[SourceDate "2013.04.10"]

1. Nf3 Nf6 2. c4 c5 3. d4 cxd4 4. Nxd4 g6 5. Nc3 Bg7 6. e4 d6 7. Be2 O-O 8. Be3
Bd7 9. O-O Nc6 10. f3 Rc8 11. Rc1 a6 12. b3 Qc7 13. Nd5 Qd8 14. Qd2 Re8 15. Nc2
Nxd5 16. cxd5 Nb8 17. Na3 f5 18. Nc4 Rf8 19. Bg5 Qe8 20. Bh6 Qf7 21. Bxg7 Qxg7
22. Nb6 Rxc1 23. Rxc1 fxe4 24. fxe4 Qf6 25. Bf3 Bb5 26. a4 Bd7 27. Qc3 Qf4 28.
Qe1 Qg5 29. Kh1 Bh3 30. Rc2 Qf4 31. Kg1 Qg5 32. Rf2 Rxf3 33. Kf1 Rxf2+ 34. Qxf2
Qc1+ 35. Ke2 Qc2+ 36. Ke1 Qxf2+ 37. Kxf2 Bg4 38. a5 Kf7 39. Ke3 Ke8 40. Kd4 Nd7
41. Nc4 Be2 42. Nd2 Ne5 43. b4 Kd7 44. Kc3 e6 45. Kd4 g5 46. Nb3 h5 47. Na1 Bd1
48. Kc3 g4 49. Kd2 Ba4 50. Ke3 Ng6 51. g3 e5 52. Kd2 Kc7 53. Kc3 b6 54. Kd2
bxa5 55. bxa5 h4 56. Kc3 Bd1 57. Kd2 Bf3 58. Ke3 hxg3 59. hxg3 Ne7 60. Nb3
Nxd5+ 61. exd5 Bxd5 62. Nd2 Be6 63. Ne4 Kc6 64. Ng5 Bd7 65. Ke4 Kc5 66. Nf7 Be6
67. Nd8 Bd5+ 68. Kf5 Bf3 69. Ke6 e4 70. Nf7 e3 0-1

[Event "120th YMCA Spring D"]
[Site "Warszawa"]
[Date "2013.06.11"]
[Round "11"]
[White "Budrewicz, Henryk"]
[Black "Rozycki, Dariusz"]
[Result "0-1"]
[WhiteElo "1573"]
[BlackElo "1465"]
[PlyCount "78"]
[EventDate "2013.04.09"]
[EventType "tourn"]
[EventRounds "1"]
[EventCountry "POL"]
[SourceDate "2013.04.10"]

1. g3 g6 2. d4 d5 3. Bg2 Bg7 4. c3 c6 5. f4 Nf6 6. Nf3 Bf5 7. O-O O-O 8. h3 Qc7
9. g4 Be4 10. Be3 Nbd7 11. Nbd2 Rae8 12. Ne5 Bxg2 13. Kxg2 e6 14. Qc2 Re7 15.
a4 a5 16. g5 Nh5 17. h4 Qb6 18. Rab1 Nxe5 19. fxe5 Bxe5 20. Rf3 Bd6 21. c4 Bb8
22. c5 Qc7 23. Nf1 e5 24. Qd2 exd4 25. Qxd4 Re4 26. Qd2 Rxh4 27. Kf2 Rxa4 28.
b4 axb4 29. Rxb4 Rxb4 30. Qxb4 Re8 31. Qg4 Re4 32. Qh3 Rc4 33. Nd2 Re4 34. Nxe4
dxe4 35. Rxf7 Kxf7 36. Ke1 Qg3+ 37. Qxg3 Bxg3+ 38. Kd1 Bf4 39. Kd2 Ke6 0-1